000 00398nam a22001697a 4500
003 MPLRDC
005 20220104123724.0
008 210129b ||||| |||| 00| 0 eng d
082 _a192.3 YM
100 _a不详
245 _a给女人的悄悄话
_c
250 _a初版
260 _a台湾
_b辅新书局
_c1995
300 _b440
650 _a修养; 社交礼仪
942 _cBK
_o192.3 YM
999 _c13678
_d13668